| 000 | 01044nam a22002537a 4500 | ||
|---|---|---|---|
| 005 | 20140310183652.0 | ||
| 008 | 140123b xxu||||| |||| 00| 0 eng d | ||
| 020 | _a9789812727879 | ||
| 050 |
_aQR 67 _b.M279 2011 |
||
| 100 | _4Mahon, Connie R. | ||
| 245 |
_aTextbook of diagnostic microbiology / _cConnie R. Mahon, Donald C. Lehman, George Manuselis. |
||
| 250 | _a4th ed. | ||
| 260 |
_aMaryland Heights, Mo. : _bSaunders/Elsevier, _cc2011. |
||
| 300 |
_a1080 p. : _bill. ; _c29 cm. |
||
| 500 | _aIncludes bibliographical references and index. | ||
| 520 | _aIntroduction to clinical microbiology -- Laboratory identification of significant isolates -- Laboratory diagnosis of infectious diseases: an organ system approach to diagnostic microbiology. | ||
| 650 | _aDiagnostic microbiology. | ||
| 650 | _aMicrobiological Techniques. | ||
| 650 |
_aCommunicable Diseases _xdiagnosis. Laboratory Techniques and Procedures. |
||
| 700 | _aLehman, Donald C. | ||
| 700 | _aManuselis, George. | ||
| 942 |
_2lcc _cBK |
||
| 999 |
_c26100 _d26100 |
||